| 000 | 00431 a2200145 4500 | ||
|---|---|---|---|
| 040 |
_aDLC _bDLC |
||
| 082 | _a006.6869 | ||
| 100 | _aCorel Corporation | ||
| 245 |
_aCorel Draw 7 User Manual Version 7.0 _cCorel Corporation |
||
| 260 |
_aCanada: _bCorel Corporation, _c 1996. |
||
| 300 |
_a x, (various pagning) _b: ill. _c;24 cm. |
||
| 500 | _aIncludes Index | ||
| 650 | _aComputer graphics--Software. | ||
| 942 |
_cBK _k 006.6869 COR _2ddc |
||
| 999 |
_c8853 _d8853 |
||